Vệ sinh an toàn thực phẩm

Guardado en:
Detalles Bibliográficos
Autor principal:  Nguyễn Văn Huân
Formato: Sách
Lenguaje:Undetermined
Publicado:  Thanh Niên  2008
Materias:
Etiquetas: Agregar Etiqueta
Sin Etiquetas, Sea el primero en etiquetar este registro!
Thư viện lưu trữ: Trung tâm Thư viện - Trường Đại học Công nghiệp TP. Hồ Chí Minh
LEADER 00494nam a2200157Ia 4500
001 UIH_06748
008 231011s9999 xx 000 0 und d
082 |a  641.3 
100 |a  Nguyễn Văn Huân 
245 0 |a  Vệ sinh an toàn thực phẩm 
245 0 |c  Nguyễn Văn Huân 
260 |b  Thanh Niên 
260 |c  2008 
650 |a  Thực phẩm;  
927 |a Sách 
980 |a Trung tâm Thư viện - Trường Đại học Công nghiệp TP. Hồ Chí Minh